000 00455pam a2200157 a 4500
020 _a0812110218
_c
041 _aeng
082 _a615.8
_bCHI
100 _aChilton, H M.
245 _aNuclear Pharmacy : An Introducation to the Clinical Application of Radiopharmaceuticals
_hTextual Documents
260 _aPhiladelphia
_bLea and Febiger
_c1986
300 _a190.
653 _aPhysical And Other Therapies
700 _aWitcofski, R L.
930 _a2249
999 _c75534
_d75534